| 000 -ლიდერი |
| ფიქსირებული სიგრძის საკონტროლო ველი |
00693nam a22001937a 4500 |
| 003 - საკონტროლო ნომრის იდენტიფიკატორი |
| საკონტროლო ველი |
Ge_BSU |
| 005 - ბოლო ოპერაციის თარიღი და დრო |
| საკონტროლო ველი |
20230331155446.0 |
| 008 - ფიქსირებული სიგრძის მონაცემთა ელემენტები - ზოგადი ინფორმაცია |
| ფიქსირებული სიგრძის საკონტროლო ველი |
230331s2009 enk||||| |||| 00| 0 eng d |
| 020 ## - წიგნის საერთაშორისო სტანდარტული ნომერი |
| International Standard Book Number |
9780754648116x |
| 041 ## - ენის კოდი |
| Language code of text/sound track or separate title |
eng |
| 080 ## - უნივერსალური ათობითი კლასიფიკაციის ინდექსი |
| Universal Decimal Classification number |
37:61 E-25 |
| 245 ## - ცნობა სათაურის შესახებ |
| Title |
Educating Professionals: |
| Remainder of title |
Practice Learning in Health and Social Care |
| Statement of responsibility, etc |
Steven M. Shardlow, Mark Doel. |
| 264 ## - წარმოების, გამოცემის, დისტრიბუციის და სხვა ცნობები |
| გამოცემის, წარმოების, დისტრიბუციის... ადგილი |
Burlington : |
| გამოცემის, წარმოების, დისტრიბუციის... სახელწოდება |
Ashgate, |
| გამოცემის, წარმოების, დისტრიბუციის... თარიღი |
2009. |
| 300 ## - ფიზიკური აღწერა |
| Extent |
294 p.; |
| Other physical details |
24 cm. |
| 653 ## - INDEX TERM--UNCONTROLLED |
| Uncontrolled term |
პრაქტიკული სწავლება მედიცინაში |
| 700 ## - ADDED ENTRY--PERSONAL NAME |
| Personal name |
Shardlow, Steven M. |
| Relator term |
რედაქტორი |
| 9 (RLIN) |
17375 |
| 700 ## - ADDED ENTRY--PERSONAL NAME |
| Personal name |
Doel, Mark |
| Relator term |
რედაქტორი |
| 9 (RLIN) |
17295 |
| 942 ## - ADDED ENTRY ELEMENTS (KOHA) |
| Source of classification or shelving scheme |
|
| Koha item type |
წიგნი |